[Event "Oruro Baptista Memorial"]
[Site "Oruro"]
[Date "2023.11.04"]
[Round "7"]
[White "Molina, Jessica"]
[Black "Arce Arce, Luis"]
[Result "1-0"]
[WhiteElo "1906"]
[BlackElo "1210"]
[PlyCount "73"]
[EventDate "2023.11.01"]
[EventType "swiss"]
[EventRounds "9"]
[EventCountry "BOL"]
[SourceTitle "Mega2024 Update 01"]
[Source "Chessbase"]
[SourceDate "2023.11.12"]
[SourceVersion "1"]
[SourceVersionDate "2023.11.12"]
[SourceQuality "1"]

1. d4 d5 2. Nf3 Nf6 3. g3 g6 4. Bg2 Bg7 5. 0-0 0-0 6. Nbd2 Nbd7 7. b3 b6 8. Bb2 Bb7 9. Ne5 c6 10. e3 Rc8 11. c4 c5 12. Rc1 e6 13. f4 Qe7 14. Ndf3 Bh6 15. Nxd7 Qxd7 16. dxc5 Rxc5 17. Ne5 Qc7 18. Ba3 Rd8 19. Bxc5 Qxc5 20. Qd4 Qe7 21. Rfd1 Nd7 22. cxd5 Nxe5 23. d6 Qd7 24. fxe5 Bxg2 25. Kxg2 Qb7+ 26. Kf2 Rd7 27. Rc7 Rxc7 28. dxc7 Qxc7 29. Qd8+ Qxd8 30. Rxd8+ Bf8 31. Ra8 a5 32. Rb8 Kg7 33. Rxb6 g5 34. h4 Kg6 35. Rb5 Bb4 36. Rxb4 axb4 37. e4 1-0